Statistiken für Deutsche Youtuber mit den meisten Abos

Klicken Sie hier um das Quiz zu spielen!

Allgemein

  • Dieses Quiz wurde 80 mal gespielt
  • Das Durchschnittsergebnis liegt bei 7 aus 20

Antwortstatistiken

PlatzAbosYoutuber% Korrekt
25,6MBibisBeautyPalace
90%
44,8MGronkh
76%
74,0MDagi Bee
74%
35,1MJulien Bam
68%
17,5Mfreekickerz
47%
123,2MPaluten
44%
93,8MJulienco
38%
182,7Mrewinside
35%
83,8MApeCrime
35%
113,2MFelix von der Laden
34%
153,0MGermanLetsPlay
32%
64,1MSimon Desue
31%
133,2MY-Titty
26%
103,6MConCrafter | Luca
21%
143,0MLeFloid
19%
192,7MiBlali
19%
202,7MDie Lochis
18%
162,9MFreshtorge
12%
172,7MBushido
7%
54,3MThe Voice Kids
4%

Verteilung der Resultate

Perzentil nach korrekt beantworteten Fragen

Anzahl Personen mit jedem Resultat

Ihre Resultats-Entwicklung

Sie haben dieses Quiz noch nicht gespielt